000 00395 a2200109 4500
001 ART_23229
005 20260410161929.0
008 260409a
245 1 0 _aSobre algunos principios de las finanzas de guerra
100 1 _aCaplán, Benedicto
773 0 _tRevista de la Facultad de Ciencias Económicas de la Universidad de Cuyo
_g- Año II, Nº 5 (mayo/ago. 1950)
_wREV22981
999 _c28444
_d28444